Say the sound A
| Format: | Book |
|---|---|
| Published: |
Australia :
Ladybird Books
|
| Series: | Sounds and pictures
|
| Subjects: |
MARC
| LEADER | 00000cam a2200000 7i4500 | ||
|---|---|---|---|
| 001 | 0000005776 | ||
| 005 | 20220105104014.0 | ||
| 008 | 070809 | ||
| 020 | |a 1844225968 | ||
| 090 | 0 | 0 | |a JP |b EL ENG (4885) |
| 245 | 1 | 0 | |a Say the sound A |
| 260 | |a Australia : |b Ladybird Books | ||
| 440 | |a Sounds and pictures | ||
| 500 | |a Children age 4-6 years old (yellow) | ||
| 650 | 0 | |a Early learning | |
| 999 | |a 0000981147 |b Book |c Children Collection |e Perbadanan Perpustakaan Awam Johor | ||
| 999 | |a 0000981149 |b Book |c Children Collection |e Perbadanan Perpustakaan Awam Johor | ||